Southernmost Countries (A-Z) Quiz Stats

 Plays Quiz Updated Mar 6, 2019

Score 0/24 Timer 05:00
5 Plays Today
Letter Country % Correct
AArgentina
96.2%
CChile
92.8%
NNew Zealand
90%
SSouth Africa
89.1%
ZZimbabwe
87.5%
YYemen
84.8%
UUruguay
82.7%
QQatar
82.5%
BBrazil
79.8%
OOman
79.4%
IIndonesia
76.9%
FFiji
74.1%
Letter Country % Correct
VVanuatu
73.3%
PParaguay
72.9%
LLesotho
72.5%
KKiribati
62.7%
EeSwatini
61.2%
JJamaica
59.6%
MMozambique
58.6%
HHonduras
57.4%
TTonga
55.7%
DDemocratic Republic of the Congo
52.3%
GGabon
46.4%
RRepublic of the Congo
34.3%

You're not logged in!

Compare scores with friends on all Sporcle quizzes.
OR
Log In

Sporcle TV

Today on Sporcle TV


Watch our educational content, quiz creation guides, and fun videos on Sporcle TV.

Show Comments

Extras

Top Quizzes Today


Score Distribution

Your Account Isn't Verified!

In order to create a playlist on Sporcle, you need to verify the email address you used during registration. Go to your Sporcle Settings to finish the process.

Report this User

Report this user for behavior that violates our Community Guidelines.

Details: